000
00305nam a22001337a 4500
008
210226b ||||| |||| 00| 0 eng d
020
_a
9780323044264
041
_a
eng
080
_2
2nd
_a
579
100
_a
11
101
_a
MIK
245
_a
Microbiology and Immunology
_c
Rosenthal,S.K
942
_2
udc
_c
BK
999
_c
55261
_d
55261